00501nam a2200121Ia 4500008004100000050002400041100003100065245012800096260008600224300002800310521001500338650002600353140724s9999 xx 000 0 und d aHF 5803b.C264 2010 aCarbonell, Mario Joesef T. a"Filipino Advertising":ban infomercial on the identity of filipino in philippine advertising /cMario Joesef T. Carbonell. aLas Piñas, Philippines :bSouthville International School and Colleges,cc2010. a55 p. :bill. ;c28 cm. aMedia Arts aFilipinoxAdvertising